000 00404nam a2200157 4500
001 128078
003 ES-MaACL
005 20230906193145.0
007 t|
008 070214s1971 sp r ||||1| spa d
100 1 _aRoa, Vicente.
_997765
245 1 0 _aEspaƱa, hora H /
_cVicente Roa.
260 _aBarcelona :
_bDopesa,
_c1971.
300 _a146 p. ;
_c19 cm.
852 _aES-MaACL
_jC-45936
_bR.78418
999 _c128078
_d128078